000 00673nam a22002057a 4500
005 20160627144011.0
010 _aENG-115320
020 _a9789351438571
_c650.00
035 _aEN-98852
037 _bDBAD/PUB
082 _a000
100 _aDhaara
245 _aDhaara's the ultimate manual for bank P.O. examination :
_b(for IBPS-CWE and SBI bank PO examination) /
250 _a2nd edition
260 _aGurgoan
_bLexisNexis
_c2016
270 _a14th floor,Building N0-10,Tower-B,DLF Cyber City, Phase-II
_bGurgaon
_e122002
300 _aVarious Pagings :
_bill
_c27cm(Pbk)
490 _aCATAPULT test prep series
942 _2ddc
_cEN
_mDHA
_h000
999 _c100432
_d100432